KOHA-Header-6

Measurement and Assessment in Teaching (Record no. 9005)

000 -LEADER
fixed length control field 00273nam a2200109Ia 4500
100 ## - MAIN ENTRY--AUTHOR NAME
Personal name Robert L. Linn
245 #0 - TITLE STATEMENT
Title Measurement and Assessment in Teaching
260 ## - PUBLICATION, DISTRIBUTION, ETC. (IMPRINT)
Place of publication New Delhi
Name of publisher Addison
Year of publication 2001
300 ## - PHYSICAL DESCRIPTION
Number of Pages 790
942 ## - ADDED ENTRY ELEMENTS (KOHA)
Koha item type Books
Holdings
Withdrawn status Lost status Permanent Location Current Location Shelving location Date acquired Full call number Accession Number Koha item type
    MAJU MAJU Shelf No.A14 2019-09-14 658.15 4273 Books

Powered by Koha